000 00663cam a2200193 4500
001 X103701
008 000000n2000 000 0 eng u
035 _a(Sirsi) u103701
245 _aBenchmarking helps in cost control and budget planning
260 _c2000
490 _aCSM
_bChartered Surveyor Monthly
_v8(11/12) July/September 1999, 46-47(2)
520 _aUses Pembrokeshire NHS Trust as an example of how maintaining occupancy cost records can help with budget control.Tables.
650 _aBENCHMARKING
650 _aPEMBROKESHIRE NHS TRUST
650 _aOCCUPANCY COSTS
650 _aBUDGETS
690 _aPROPERTY MANAGEMENT
_96262
942 _n0
999 _c62275
_d62275